Deutschland oder China? - Statistiken

Allgemein
  • Dieses Quiz wurde 78 mal gespielt
  • Das Durchschnittsergebnis liegt bei 8 aus 15
Antwortstatistiken
Frage Antwort % Korrekt
…hat nach der USA das zweithöhste BIP der Welt. China
100%
Die ostliche Hälfte des Landes ist viel viel bevölkerungsreicher als die westliche Hälfte. China
93%
Wessen Rekord für die niedrigste Temperatur ist niedriger? China
86%
…hat eine größere christliche Bevölkerung. Deutschland
86%
Hier kann ein Mensch ohne Migrationshintergrund weiß sein. Beides
57%
…hat eine größere Bevölkerungsdichte Deutschland
57%
Die Stadt Qingdao oder Tsingtau wurde 1897—1914 von … regiert, damals wurde die heutig berühmte chinesische Brauerei Tsingtao Beer gegründet. Deutschland
57%
Überall im Land benutzt man die gleiche Uhrzeit. Beides
50%
Der aktuelle Staat wurde in 1949 gegründet. Beides
43%
…hat mehre UNESCO-Welterbestätten. China
43%
Man muss eine hohe Geldstrafe bezahlen für das Wegwerfen von nicht richtig getrenntem Müll. Deutschland
43%
Im ganzen Land muss man rechts der Straßen fahren. Deutschland
21%
John H. D. Rabe, ein deutscher Kaufmann aus Hamburg, hat hunderttausende … vor einem Massaker durch das faschistisches Heer bewahrt. Chinesen
14%
Hier sind alle politische Parteien außer einer illegal. Nichts von beides
14%
Es gab ein Reich, das rund 8 Jahrhunderte dauerte und in hunderte Herzogtümer, Fürstentümer, Grafschaften u.s.w. untergeteilt wurde. Beides
7%
Keine übereinstimmenden Quizze gefunden
Verteilung der Resultate
Anzahl Personen mit jedem Resultat
Perzentil nach korrekt beantworteten Fragen
Ihre Resultats-Entwicklung
Sie haben dieses Quiz noch nicht gespielt